[Event "GER-ch U25-B"]
[Site "Willingen"]
[Date "2016.05.19"]
[Round "7"]
[White "Hamm, Oliver"]
[Black "Kreitmeier, Anika"]
[Result "1/2-1/2"]
[WhiteElo "1194"]
[BlackElo "1310"]
[PlyCount "53"]
[EventDate "2016.05.15"]
[EventType "swiss"]
[EventRounds "9"]
[EventCountry "GER"]
[SourceTitle "CBM 172 Extra"]
[Source "ChessBase"]
[SourceDate "2016.06.21"]
[SourceVersion "1"]
[SourceVersionDate "2016.06.21"]
[SourceQuality "1"]

1. d4 d5 2. Nf3 e6 3. e3 Nf6 4. Bd3 c5 5. c3 c4 6. Bc2 Bd6 7. Nbd2 Qc7 8. 0-0 0-0 9. e4 Be7 10. e5 Nfd7 11. Ne1 f6 12. f4 b5 13. Qh5 f5 14. Rf3 g6 15. Qh6 Qd8 16. Qh3 Nc6 17. Re3 Rf7 18. Bd1 Rg7 19. Qg3 Qe8 20. Nef3 Nd8 21. Ng5 Nf8 22. Nh3 Nf7 23. a3 Bd8 24. Qf2 Qe7 25. Nf3 Qc7 26. Bd2 a6 27. Qg3 1/2-1/2